Quizzes
Events
Quiz Creation
Community
Videos
Private Events
Remove Ads
Sign In
Join for FREE
Feedback
Dark Mode
Quiz Categories
Sports
Geography
Music
Movies
Television
Just For Fun
Miscellaneous
History
Literature
Language
Science
Gaming
Entertainment
Religion
Holiday
For Kids
Quiz Lab
Recent
Popular Today
Quiz Kudos Today
Editor Picks
Curator Picks
Quizzes by...
Day
Popularity
Type
Ratings
Length
Year
Community
Subscriptions
Recent Discussions
Orange Saloon
Badges
Playlists
Quests
Create
Leaderboards
Showdown
Live 5
Trivia Bingo
Activity
Puzzle Library
Sporcle Events
Private Events
Virtual Trivia
Globe League
Become a Host
Pub Owners
SporcleCon
Opinionation
Our Games
Videos
Blog
Mobile Apps
Partnerships
Remove Ads and Go Orange
Feedback
Gaming
Video Games
Board Games
Card Games
Pokémon
Mario
Nintendo
Minecraft
Console
Toys
Legend of Zelda
Gaming
Video Games
Board Games
Card Games
Pokémon
Mario
Nintendo
Minecraft
Console
Toys
Legend of Zelda
Random Quiz
Search Sporcle
×
Quiz Lab
Quiz Lab
Gaming
Type in answers that appear in a list
Type in answers that appear in a list
Classic
Best Score? Go Orange.
JackSepticEye Trivia Stats
Can you name the JackSepticEye Trivia?
By
SUPER_NINJA14
15m
20 Questions
1,690 Plays
1,690 Plays
1,690 Plays
Comments
Comments
Give Quiz Kudos
Give Quiz Kudos
-
- Ratings
hide this ad
Replay
Link that replays current quiz
Next Quiz
Link to next quiz in quiz playlist
You Got
0%
They Got
Avg Score
40%
Avg Friend Score
Upgrade to see
Score Distribution
Jump to the score distribution portion of the page
Score
0/20
Timer
15:00
0
Plays Today
Hint
Answer
% Correct
What color is the theme of JackSepticEye
Green
98.9%
What is JackSepticEye's Real name
Sean
95.7%
What is the Key
Speed
85.1%
finish this sentence 'SHUT UP -
BILLY
80.2%
What is something Jack is almost never seen without
His Hat
58.2%
What is JackSepticEye's catchphrase
LIKE A BOSS
53.4%
What does Jack give at the end of his videos
High Fives all round
50.6%
What needs to be threaded
The Needle
42.8%
Who is Jack married to
Evie
37%
What stops the Squach
Nothing
33.3%
Hint
Answer
% Correct
What is the last name used in Jack's Sims 4 let's play
McBOSS
32.5%
Finish this sentence 'OH! PINK -
LIGHTNIN'
27.7%
What Does Jack hate the most about Evie
When she winks
23.3%
What was the first Name that Jack used in the Escapists
Billy Goat
19.6%
What is JackSepticEye's Arch Nemisis
Snowplow
15.6%
What pose is used when all else fails
The Penetrator
14.1%
Who did Jack kill in cold blood in Sims 4
Tiberius
12.7%
What is Jack's Favorite vehicle in Turbo Dismount
The Boss Throne
10.1%
How did Jack use his whiteboard
Drawing Viewer Tweets
10.1%
Why is this question here
To make an even Twenty Questions
3.6%
Quiz Playlist
Details
Report
Send in Message
Add To Playlist
Classic:
Type in answers that appear in a list
Last Updated: Jun 13, 2017
Quiz Scoreboard
CHALLENGE
Sign Up to Join the Scoreboard
Show All
Scores
Hide
Comments
May contain spoilers
Recently Published
College Basketball Coaching Resumes
by pancakes188
Sports
9m
Billboard Blitz: Fleetwood Mac
by CooCooCachoo
Music
15s
Presidents Visiting Landmarks
by Hejman
History
7m
More to Explore
Quiz From the Vault
Featured Blog Post
Where Did the Easter Bunny Come From?
hide this ad
You Might Also Like...
Tags
This quiz does not have any tags.
Today's Top Quizzes in Gaming
Browse Gaming
hide this ad
Top Contributed Quizzes in Gaming
1
5-to-1: Consoles
2
7-to-1: Board Game Piece Blitz
3
5-to-1: Legend of Zelda
4
Destiny 2 exotic weapons by perk icons
5
League of Legends Pro Players by Career/Team History
6
Franchise by Action Figure
7
Ultimate Genshin Impact Logic Puzzle (up to 4.3)
8
Who's on the WWE 2K24 Cover?
9
Genshin Impact Logic Puzzle Quiz
10
Overwatch Logic Puzzle
Explore More
Trending Topics
Anime
NBA
Marvel
Crossword
Harry Potter
Kpop
Disney
The Office
NFL
Pokémon
Soccer
Country
WWE
Song
Puzzle
hide this ad
More By:
SUPER_NINJA14
Quiz
Plays
Rating
Category
Featured
Created
JackSepticEye Trivia
1,690
1.75
Gaming
Apr 28, 2015
JackSepticEye quiz 2.0
1,598
2.83
Gaming
Oct 21, 2015
Youtuber's by real name
199
1.33
Gaming
Sep 17, 2015
Pokemon youtubers
91
Gaming
Jun 26, 2015
Dan Vs Characters
85
4.00
Entertainment
May 15, 2015
Go to Creator's Profile
Score Distribution
Quiz Creator Spotlight
SUPER_NINJA14
Follow
Send a Message
Quizzes Created
-
Created Quiz Play Count
-
More By This Creator
Popular Quizzes Today
1
Find the US States - No Outlines Minefield
2
Find the Countries of Europe - No Outlines Minefield
3
The Countries of the World
4
Find the US States
5
Risky Map Clicking: Biggest States A-Z
6
US States
7
Popular People in 1961
8
Movies - When Are They Set?
More Gaming Quizzes
Risk or Real?
Published
Trending Quizzes
Risky Map Clicking: Least Populous States A-Z
1-10 Letter G Words
1-10 Letter F Words
Risky Map Clicking: Next State Alphabetically
Click the Washington State Counties! (Map)
Recently Updated
Leaping Animals
pecheneg
Reality TV Shows (A-Z)
bhenderson79
Rickey Henderson's Hall of Fame Teammates
pecheneg
Champions League XIs: Arsenal
pecheneg
Quick Pick: Celebrities in WWE's Hall of Fame
aduchscher
A-Z Keypad Blitz II
pecheneg
Multiple Oscar Actors
pecheneg
Mystery Phrase Blitz: Oscar 'Best Actors'
pecheneg
F. Scott Fitzgerald Novels
LTH
Pick 3 Villains
ddd62291
Trending Topics
Anime
Kpop
Disney
Marvel
NBA
Crossword
Harry Potter
NFL
Puzzle
Country
Soccer
Pokémon
The Office
Song
WWE
Your Account Isn't Verified!
In order to create a playlist on Sporcle, you need to verify the email address you used during registration. Go to your
Sporcle Settings
to finish the process.
Report this User
Report this user for behavior that violates our
Community Guidelines
.
Details:
Send Report
Go to the Sporcle.com Mobile Site →
Comments